ABS Journal (Allahabad Bible Seminary) : (Record no. 10506)
[ view plain ]
| 000 -LEADER | |
|---|---|
| fixed length control field | 00436nas a22001337a 4500 |
| 003 - CONTROL NUMBER IDENTIFIER | |
| control field | GBCCL |
| 005 - DATE AND TIME OF LATEST TRANSACTION | |
| control field | 20241126110733.0 |
| 008 - FIXED-LENGTH DATA ELEMENTS--GENERAL INFORMATION | |
| fixed length control field | 241111b ||||| |||| 00| 0 eng d |
| 040 ## - CATALOGING SOURCE | |
| Transcribing agency | gbc |
| 245 ## - TITLE STATEMENT | |
| Title | ABS Journal (Allahabad Bible Seminary) : |
| Remainder of title | a theological journal of Allahabad Bible seminay |
| 260 ## - PUBLICATION, DISTRIBUTION, ETC. | |
| Place of publication, distribution, etc. | Allahabad : |
| Name of publisher, distributor, etc. | Allahabad Bible Seminary, |
| Date of publication, distribution, etc. | 2009-2010 |
| 300 ## - PHYSICAL DESCRIPTION | |
| Extent | v.1, no.2 2009 |
| -- | v.1, no.3 2009 |
| -- | v.2, no.1 2010 |
| 942 ## - ADDED ENTRY ELEMENTS (KOHA) | |
| Source of classification or shelving scheme | Dewey Decimal Classification |
| Koha item type | Bound Volumes |
| Withdrawn status | Lost status | Source of classification or shelving scheme | Damaged status | Not for loan | Home library | Current Library | Shelving location | Date acquired | Total checkouts | Barcode | Date last seen | Copy number | Price effective from | Koha item type |
|---|---|---|---|---|---|---|---|---|---|---|---|---|---|---|
| Dewey Decimal Classification | GRACE BIBLE COLLEGE | GRACE BIBLE COLLEGE | 2024-11-11 | 00101 | 2024-11-11 | c.1 | 2024-11-11 | Bound Volumes |